00436nam a2200145Ia 4500100002200000942000700022654002800029245005800057260001800115082002100133300000800154546001200162999001700174952009900191 aDukkipali/ Rao/V  cBK acomputer aided analysis aComputer aided analysis & Design of Machine Elements bNew agec2000 a620.0042bDUK/RA a467 aENGLISH c21024d21024 001040708CRCaCRCEbCRCEd2023-03-17l0o620.0042 DUK/RAp11789r2023-03-17w2023-03-17yBK